000 00974nas a2200301 4500
001 BR8602247
003 BR-BrBNA
005 20231205090442.0
007 ta
008 230509b bl.|||p| |||| 00| 00por d
040 _aBR-BrBNA
_bpor
_cBiblioteca Nacional de Agricultura
041 _a(Pt)
072 _aF04
100 1 _aSmyth, T.J.
100 1 _aBastos, J.B.
245 1 _aAdubacao fosfatada para milho e caupi em latossolo amarelo alico do tropico umido [Amazonas]
246 1 _aPhosphorus fertilization for corn and cowpea on a typic acrorthox in the humid tropics
650 _aMILHO
650 _aFEIJAO DE CORDA
650 _aFERTILIZANTE FOSFATADO
650 _aADUBACAO
650 _aLATOSSOLO AMARELO
650 _aTROPICO UMIDO
650 _aAMAZONAS
773 0 _tPesquisa Agropecuaria Brasileira (Brazil)
_xISSN 0100-204X
_g(Nov 1985), v. 20(11) p. 1259-1264
_wBR8602247
909 _a202311
_bLúcia
_c55
_dLúcia Elande
942 _2AGRIS
_n0
_cANA
999 _c118519
_d118519